| 000 | 00679nam a2200205Ia 4500 | ||
|---|---|---|---|
| 005 | 20250508163903.0 | ||
| 008 | 008 250505s9999 xx 000 0 eng d | ||
| 037 | _aTextual | ||
| 040 |
_aFEDL _beng _cFEDL |
||
| 041 |
_aeng _2eng |
||
| 084 |
_a330.1, DEB _qFEDL |
||
| 100 | _aDas Debendra Kumar Ed. | ||
| 245 | 0 | _aEconomic ideas of six great economists : Sketches and commentary. 2 V. | |
| 260 |
_aNew Delhi, India _bDeep and Deep Publications |
||
| 365 |
_aINR _b800 |
||
| 546 | _aV.1. Adam Smith, T R Malthus, David Ricardo; V.2. Karl Marx, Alfred Marshell, J M Keynes | ||
| 650 | _aEconomics | ||
| 942 |
_cTEXL _h330.1, DEB |
||
| 999 |
_c1385790 _d1385790 |
||